Statistiques concernant Pays avec la plus faible densité de route

Cliquez ici pour prendre le quiz!

Statistiques générales

  • Ce quiz a été pris 62 fois
  • Le résultat moyen est 11 sur 20

Statistiques - réponses

km/m²Pays% Correct
0.0181Mali
85%
0.0065Soudan
83%
0.0103Mauritanie
77%
0.0328Mongolie
77%
0.0313Tchad
77%
0.0477Algerie
74%
0.0150Niger
72%
0.0413Angola
70%
0.0347Somalie
68%
0.0325République Centrafricaine
60%
0.0400Mozambique
58%
0.0343Gabon
55%
0.0362Madagascar
53%
0.0308Botswana
51%
0.0357Kazakhstan
49%
0.0341Erythrée
47%
0.0202Papouasie Nouvelle Guinée
32%
0.0371Guyana
21%
0.0263Suriname
21%
0.0481Iles Salomon
13%

Distribution des résultats

Percentile par nombre de réponses

% des personnes avec chaque résultat

Votre développement - résultats

Vous n’avez pas pris ce quiz